| 000 | 00000nam##2200000za#4500 |
| 001 | 9.699011 |
| 003 | CaOODSP |
| 005 | 20241203113638 |
| 007 | cr ||||||||||| |
| 008 | 150407|2004||||xxc|||||o f|0| 0 eng|d |
| 040 | |aCaOODSP|beng |
| 043 | |an-cn--- |
| 086 | 1 |aEn14-144/2004E-PDF |
| 110 | 1 |aCanada. |bEnvironment Canada. |
| 245 | 10|aJoint EMAN/Parks Canada national monitoring protocol for plethodontid salamanders / |h[electronic resource]|c[by] Paul Zorn, Valerie Blazeski, and Brian Craig. |
| 250 | |aVersion 1 |
| 260 | |aOttawa - Ontario : |bEnvironment Canada |cJuly 2004. |
| 300 | |a69p.|bfigs. (some coloured), maps (some coloured), references, tables, photographs |
| 590 | |a14-08-Supp|b2014-04-10 |
| 690 | 07|aEnvironmental protection|2gcpds |
| 690 | 07|aReptiles|2gcpds |
| 775 | 08|tProtocole conjoint du RESE et de Parcs Canada pour la surveillance des salamandres pléthodontides / |w(CaOODSP)9.643016 |
| 856 | 40|ahttp://publications.gc.ca|qPDF|s1.06 MB|uhttps://publications.gc.ca/collections/collection_2014/ec/En14-144-2004-eng.pdf |